Super moderno / (Record no. 1164)

MARC details
000 -LEADER
campo de control de longitud fija 01361nam a22002657a 4500
008 - DATOS DE LONGITUD FIJA--INFORMACIÓN GENERAL
campo de control de longitud fija 170325s2016 cr||||| |||| 00| 0 spa d
020 ## - NÚMERO INTERNACIONAL ESTÁNDAR DEL LIBRO
Número Internacional Estándar del Libro 9789930949887
082 04 - NÚMERO DE LA CLASIFICACIÓN DECIMAL DEWEY
Número de clasificación 708
Número de ítem R696s
100 1# - ENTRADA PRINCIPAL--NOMBRE DE PERSONA
Nombre de persona Rodríguez del Paso, Joaquín.
9 (RLIN) 3970
245 10 - MENCIÓN DEL TÍTULO
Título Super moderno /
Mención de responsabilidad, etc. Joaquín Rodríguez del Paso ; editado por María José Chavarría ; Museo de Arte y Diseño Contemporáneo (MADC).
260 ## - PUBLICACIÓN, DISTRIBUCIÓN, ETC.
Lugar de publicación, distribución, etc. San José, Costa Rica :
Nombre del editor, distribuidor, etc. MADC,
Fecha de publicación, distribución, etc. 2016.
300 ## - DESCRIPCIÓN FÍSICA
Extensión 50 p.
Otras características físicas il.col.
500 ## - NOTA GENERAL
Nota general Catálogo publicado con motivo a la exhibición "Super Moderno: Joaquín Rodríguez del Paso", presentada del 27 de noviembre de 2014 al 27 de febrero de 2015, en el Museo de Arte y Diseño Contemporáneo (MADC).
505 0# - NOTA DE CONTENIDO CON FORMATO
Título "Juan" -El que nada-
Mención de responsabilidad Fiorella Resenterra.
Título Para ordenar un poco
Mención de responsabilidad María José Chavarría.
Título El paisaje como geopolítica
Mención de responsabilidad Esteban Calvo.
Título Variaciones sobre un tema
Mención de responsabilidad Transcripción de grabación de entrevista entre José Pablo Solís, Virginia Pérez-Ratton y Edgar León.
653 10 - TÉRMINO DE INDIZACIÓN--NO CONTROLADO
Término no controlado Arte contemporáneo
653 10 - TÉRMINO DE INDIZACIÓN--NO CONTROLADO
Término no controlado Catálogo de exhibición
653 10 - TÉRMINO DE INDIZACIÓN--NO CONTROLADO
Término no controlado Exhibiciones
653 10 - TÉRMINO DE INDIZACIÓN--NO CONTROLADO
Término no controlado Arte - México
653 10 - TÉRMINO DE INDIZACIÓN--NO CONTROLADO
Término no controlado Pintura
653 10 - TÉRMINO DE INDIZACIÓN--NO CONTROLADO
Término no controlado Instalación
653 10 - TÉRMINO DE INDIZACIÓN--NO CONTROLADO
Término no controlado Arte Centroaméricano
653 10 - TÉRMINO DE INDIZACIÓN--NO CONTROLADO
Término no controlado Artistas mexicanos
700 1# - ENTRADA AGREGADA--NOMBRE PERSONAL
Nombre de persona Chavarría, María José.
Término indicativo de función/relación editora.
9 (RLIN) 2428
710 1# - ENTRADA AGREGADA--NOMBRE DE ENTIDAD CORPORATIVA
Nombre de entidad corporativa o nombre de jurisdicción como elemento de entrada Museo de Arte y Diseño Contemporáneo (MADC).
9 (RLIN) 5762
Holdings
Estatus retirado Estado de pérdida Fuente del sistema de clasificación o colocación Estado de daño No para préstamo Biblioteca de origen Biblioteca actual Ubicación en estantería Fecha de adquisición Total de préstamos Signatura topográfica completa Código de barras Visto por última vez Fecha del último préstamo Precio de reemplazo Tipo de ítem Koha
    Clasificación Decimal Dewey     Biblioteca LadoV Biblioteca LadoV   25/03/2017 1 708 R696s 004351 12/09/2018 04/08/2018 25/03/2017 Material 01